| 000 | 01603nas a22002657a 4500 | ||
|---|---|---|---|
| 001 | 216223448 | ||
| 003 | UA-OsUOA | ||
| 005 | 20230612114832.0 | ||
| 007 | ta | ||
| 008 | 230206c un |||p| |||| 00| c ukr d | ||
| 022 | _a26164868 | ||
| 040 |
_aUA-OsUOA _bukr _cUA-OsUOA _dUA-OsUOA |
||
| 041 | _aukr | ||
| 080 | _a61 | ||
| 090 |
_a61 _bК47 |
||
| 110 | _aДержавна наукова установа «Науково-практичний центр профілактичної та клінічної медицини» Державного управління справами. | ||
| 245 |
_aКлінічна та профілактична медицина _cгол. ред. Дячук Д. Д. |
||
| 260 |
_aК. _bДержавна наукова установа «Науково-практичний центр профілактичної та клінічної медицини» Державного управління справами. |
||
| 505 | _aМета і проблематика журналу: висвітлення результатів наукових досліджень у сферах клінічної та профілактичної медицини, громадського здоров’я і соціальної медицини. | ||
| 650 |
_2UDC _a61 Медицина. Охорона здоров'я. Пожежна справа |
||
| 856 | 4 | 0 | _uhttps://cp-medical.com/index.php/journal |
| 942 |
_2udc _cEMG _s1 |
||
| 962 | _d2017 | ||
| 999 |
_c573693 _d573693 |
||